000 00265nas a2200109Ia 4500
008 140107s9999 xx 000 0 und d
040 _aLoreto College
041 _aEnglish
245 _aPanchayati Raj Update
260 _bInstitute of Social Sciences
942 _cBV
999 _c38921
_d89400